00773nam a2200217Ia 4500003000900000008004100009020001800050040001600068080002000084100002500104245010200129260004800231300001400279650004100293650002500334650002600359650002400385942000700409999001500416952012400431IN-BaIIA211028s9999 xx 000 0 eng d a0-521-24558-3 cIIA Library a523.45-425bPHY aDessler, A. J913883 0aPhysics of the Jovian magnetospherecA. J. Dessler  aCambridgebCambridge University Pressc1983 axv, 544p. aAstronomy and astrophysics thesaurus aGiant planets913884 aJovian planets913885 aMagnetosphere93270 cBK c8277d8277 00104070aBANbBANcGENd1985-05-16g481.95l0o523.45-425/ PHYp9121r2021-11-05v481.95w1985-05-16yBKGRs. 481.95